| 000 | 02923njm a2200481Ia 4500 | ||
|---|---|---|---|
| 001 | 24312 | ||
| 003 | IT-RoPAU | ||
| 005 | 20220918181203.0 | ||
| 008 | 131025s9999 xx 000 0 und d | ||
| 040 | _aIT-RoPAU | ||
| 040 | _cIT-RoPAU | ||
| 999 |
_c103161 _d103161 |
||
| 999 | _bn.d. | ||
| 100 |
_aAA.VV _9794 |
||
| 100 |
_eAutore musica _910125 |
||
| 100 |
_gCodice autore musica SPICS: 12000 _9796 |
||
| 245 | _aBuon Natale da Nini Rosso | ||
| 250 | _a1a ed. | ||
| 260 | _aMILANO | ||
| 260 |
_bDURIUM RECORD _c1966 [1a Ed.:1966] |
||
| 300 | _aDISCO | ||
| 500 | _aMusica strumentale. Arrangiamento. Canti di Natale | ||
| 505 | _aLenta scende la neve - Petit papà Noel (Papà Natale) - E' sbocciata una rosa - Felice Natale - Adeste fideles - Jingle Bells - Dall'alto dei cieli - Figlia di Sion sii felice - Albero di Natale - Venite bambini - O tu dolcissima - Santa notte - Ave Maria - Bianco Natale - Ogni anno si rinnova - Sull'albero di Natale brillano le luci - Venite pastori - Le campane non hanno mai suonato più dolcemente - Tu scendi dalle stelle - Il piccolo tamburino | ||
| 511 | _aDirettore d'orchestra: Bruhn Christian | ||
| 650 |
_aARRANGIAMENTO [DISCHI] _eCodice MATERIA SPICS: 9950 _910126 |
||
| 700 |
_aBruhn Christian _eAutore _gCodice autore SPICS: 14473 _910127 |
||
| 700 |
_aRosso Nini _gCodice interprete SPICS: 8171 _eInterprete _910128 |
||
| 700 |
_aGruber Franz _gCodice autore musica SPICS: 10935 _eAutore musica _pStille Nacht (Santa notte-Heilige Nacht) _910129 |
||
| 700 |
_aBach Johann Sebastian _gCodice autore musica SPICS: 9695 _eAutore musica _pAve Maria _910130 |
||
| 700 |
_aGounod Charles _gCodice autore SPICS: 10670 _eAutore _pAve Maria _910131 |
||
| 700 |
_aSchulz Charles M. _gCodice autore musica SPICS: 1444 _eAutore musica _pVenite bambini _910132 |
||
| 700 |
_aSchmid Fridolin _gCodice autore SPICS: 1475 _eAutore musica _pVenite bambini _910133 |
||
| 700 |
_aLuther M. _gCodice autore musica SPICS: 27418 _eAutore musica _pDall'alto dei cieli _910134 |
||
| 700 |
_aEbel Marianne _gCodice autore musica SPICS: 12095 _eAutore musica _pLenta scende la neve _910135 |
||
| 700 |
_aBerlin _gCodice autore musica SPICS: 20144 _eAutore musica _pBianco Natale _910136 |
||
| 700 |
_aSilcher F. _gCodice autore musica SPICS: 14461 _eAutore musica _pOgni anno si rinnova _910137 |
||
| 700 |
_aHey W. _gCodice autore SPICS: 27419 _eAutore _pOgni anno si rinnova _910138 |
||
| 700 |
_aSimeone M. _gCodice autore musica SPICS: 15527 _eAutore musica _pIl piccolo tamburino _910139 |
||
| 700 |
_aOnorati H. _gCodice autore SPICS: 15528 _eAutore _pIl piccolo tamburino _910140 |
||
| 700 |
_aDavis _gCodice autore testo/musica SPICS: 20478 _eAutore testo/musica _pIl piccolo tamburino _910141 |
||
| 700 |
_aMartinet Hanne _gCodice autore musica SPICS: 19716 _eAutore musica _pPetit papa Noel (Papà Natale) _910142 |
||
| 700 |
_aVinci R. _gCodice autore SPICS: 27420 _eAutore _pPetit papa Noel (Papà Natale) _910143 |
||
| 942 |
_cMD _2ddc |
||